000 00543nam a2200205Ia 4500
003 OSt
005 20220928150132.0
006 a|||||r|||| 00| 0
007 ta
008 220927b |||||||| |||| 00| 0 eng d
024 _a88368
037 _cTextual
040 _aSDCL
_cSDCL
_beng
041 _2eng
_aeng
082 _aD6544n1,N82, M1.6
245 0 _aJAPAN ANNUAL Reviews in electronics,computers and telecommunications.V6.
260 _c1981
942 _hD6544n1,N82, M1.6
_cTEXL
_2CC
999 _c840259
_d840259